Normal view
MARC view
- FEILD EFFECT TRANSISTOR TRANSISTOR CIRCUIT ELECTRONIC CIRCUIUT DESIGN
Entry Topical Term
001 - CONTROL NUMBER
- control field: 75445
003 - CONTROL NUMBER IDENTIFIER
- control field: NUST
005 - DATE AND TIME OF LATEST TRANSACTION
- control field: 20210628205418.0
008 - FIXED-LENGTH DATA ELEMENTS
- fixed length control field: 210628|| aca||aabn | a|a d
040 ## - CATALOGING SOURCE
- Original cataloging agency: NUST
- Transcribing agency: NUST
150 ## - HEADING--TOPICAL TERM
- Topical term or geographic name entry element: FEILD EFFECT TRANSISTOR TRANSISTOR CIRCUIT ELECTRONIC CIRCUIUT DESIGN
670 ## - SOURCE DATA FOUND
- Source citation: Work cat.: (NUST): EVANS, ARTHUR D 75444, DESIGNING WITH FEILD EFFECT TRANSISTORS SILICONIX IN C, 1981
